000 00423 a2200133 4500
001 ART_7248
005 20260410161623.0
008 260409a
245 1 0 _aEl modelo de revaluación de bienes de uso y el derecho al dividendo de los accionistas
100 1 _aCasal, María del Carmen
700 1 _aRondi, Gustavo R.
700 1 _aGómez, Melisa
773 0 _tEnfoques
_g- Nº 12 (dic. 2011)
_wREV416
999 _c11738
_d11738